Karnataka road guide (Record no. 175302)
[ view plain ]
| 000 -LEADER | |
|---|---|
| fixed length control field | 00499nam a2200205Ia 4500 |
| 003 - CONTROL NUMBER IDENTIFIER | |
| control field | OSt |
| 005 - DATE AND TIME OF LATEST TRANSACTION | |
| control field | 20260619092328.0 |
| 008 - FIXED-LENGTH DATA ELEMENTS--GENERAL INFORMATION | |
| fixed length control field | 210423s2006 xx 000 0 und d |
| 040 ## - CATALOGING SOURCE | |
| Transcribing agency | AL |
| 041 ## - LANGUAGE CODE | |
| Language code of text/sound track or separate title | eng |
| 082 ## - DEWEY DECIMAL CLASSIFICATION NUMBER | |
| Classification number | 910.3 |
| Edition number | 23 |
| Item number | VASK |
| 100 ## - MAIN ENTRY--PERSONAL NAME | |
| Personal name | VASAN Publications |
| 9 (RLIN) | 115304 |
| 245 ## - TITLE STATEMENT | |
| Title | Karnataka road guide |
| 260 ## - PUBLICATION, DISTRIBUTION, ETC. | |
| Place of publication, distribution, etc. | Bangalore |
| Name of publisher, distributor, etc. | Vasan Publication |
| Date of publication, distribution, etc. | 2006 |
| 300 ## - PHYSICAL DESCRIPTION | |
| Extent | 47 |
| Other physical details | PB |
| 365 ## - TRADE PRICE | |
| Currency code | INR |
| 650 ## - SUBJECT ADDED ENTRY--TOPICAL TERM | |
| Topical term or geographic name entry element | Geography |
| 9 (RLIN) | 115305 |
| 906 ## - LOCAL DATA ELEMENT F, LDF (RLIN) | |
| a | guide ; Karnataka ; road |
| 942 ## - ADDED ENTRY ELEMENTS (KOHA) | |
| Source of classification or shelving scheme | Dewey Decimal Classification |
| Koha item type | Book |
| Withdrawn status | Lost status | Source of classification or shelving scheme | Damaged status | Not for loan | Collection code | Home library | Current library | Date acquired | Total Checkouts | Full call number | Barcode | Date last seen | Price effective from | Koha item type |
|---|---|---|---|---|---|---|---|---|---|---|---|---|---|---|
| Dewey Decimal Classification | MSW | St Aloysius PG Library | St Aloysius PG Library | 01/15/2009 | 910.3 VASK | PG022002 | 08/24/2022 | 04/26/2021 | Book |